000 00515nam a2200181Ia 4500
008 090123s9999 xx 000 0 und d
082 _b20866
100 _aसप्रे मधुवंती
245 _aसमाजऋण
250 _a1
260 _bमेहता प्रकाशन
_c1992
300 _a84
600 _aसप्रे मधुवंती
630 _aसमाजऋण
700 _aसप्रे मधुवंती
730 _aसमाजऋण
942 _cBOOK
999 _c58938
_d58938